Statistics for NASCAR Sprint Cup - Racetracks from the Early Era (1949-1955)

Click here to take the quiz!

General Stats

  • This quiz has been taken 41 times
  • The average score is 5 of 23

Answer Stats

TrackStateRacesYearsCITY% Correct
Arizona State FairgroundsAZ41951, 1955-56, 1960Phoenix
59%
Beach and Road CourseFL101949-58Daytona Beach
56%
Lakewood SpeedwayGA111951-54, 1956, 1958-59Atlanta
52%
Southern States FairgroundsNC171954-61Charlotte
44%
Michigan State FairgroundsMI21951-52Detroit
41%
North Carolina State FairgroundsNC31955, 1969-70Raleigh
41%
Grand River SpeedromeMI21951, 1954Grand Rapids
26%
Lakeview SpeedwayAL21951Mobile
26%
Oglethorpe SpeedwayGA21954-55Savannah
26%
Forsyth County FairgroundsNC21955Winston-Salem
26%
New York State FairgroundsNY31955-57Syracuse
22%
Occoneechee (Orange) SpeedwayNC321949-68Hillsboro
19%
Speedway ParkFL61951-52,1954-55,1961, 1964Jacksonville
19%
Heidelberg RacewayPA41949, 1951, 1959-60Pittsburgh
19%
Monroe County FairgroundsNY81950-56, 1958Rochester
11%
Piedmont Interstate FairgroundsSC221952-66Spartanburg
11%
Tri-City SpeedwayNC21953, 1955High Point
7%
Memphis-Arkansas SpeedwayAR51954-57LeHi
7%
Central City SpeedwayGA71951-54Macon
7%
Fort Miami SpeedwayOH21951-52Toledo
7%
Carrell SpeedwayCA41951, 1954Gardena
0%
Lincoln SpeedwayPA71955-58 1964-65New Oxford
0%
Bay Meadows SpeedwayCA31954-56San Mateo
0%

Score Distribution

Percentile by Number Answered

Percent of People with Each Score

Your Score History

You have not taken this quiz